000 00527nam a2200169Ia 4500
008 090711s9999 xx 000 0 und d
082 _b20847
100 _aबाबर सरोजिनी
245 _aराजविलासी केवडा
260 _c1968
300 _a670
600 _aबाबर सरोजिनी
630 _aराजविलासी केवडा
700 _aबाबर सरोजिनी
730 _aराजविलासी केवडा
942 _cBOOK
999 _c313752
_d313752